000 00289nam a22001337a 4500
008 170913b xxu||||| |||| 00| 0 eng d
020 _a9780130841674
041 _aeng
080 _24TH
_a53
100 _a43
101 _aFIZ
245 _aCOLLEGE PHYSICS
_cWILSON,J.D
942 _2udc
_cBK
999 _c27433
_d27433